English skills with reading

Tallennettuna:
Bibliografiset tiedot
Päätekijä: Langan, John
Aineistotyyppi: Kirja
Kieli:Undetermined
Julkaistu: Boston Mc Graw Hill 2002
Aiheet:
Tagit: Lisää tagi
Ei tageja, Lisää ensimmäinen tagi!
Thư viện lưu trữ: Trung tâm Học liệu Trường Đại học Cần Thơ
LEADER 00532nam a2200205Ia 4500
001 CTU_65586
008 210402s9999 xx 000 0 und d
020 |c 300000 
082 |a 808.0427 
082 |b L269 
100 |a Langan, John 
245 0 |a English skills with reading 
245 0 |c John Langan 
260 |a Boston 
260 |b Mc Graw Hill 
260 |c 2002 
650 |a English language,English language 
650 |x Rhetoric,Grammar 
904 |i Giang 
980 |a Trung tâm Học liệu Trường Đại học Cần Thơ